00826nam a22002177a 4500003000400000005001700004007000300021008004100024020001800065040002500083082002300108245014600131260004600277300002700323650003700350650003700387650004000424700006100464700003800525700004500563OSt20220913102626.0ta210202b2020 dr ||||| |||| 00| p spa d a9789945914993 aDO-SdBNPbspacBNPHU 4aRD861.5bM953r22200aMujeres de roca y tinta ¡por un mundo de letras! :bsororidad poesìa y narrativa /ccuidado de edición, Leibi NG y Máxima Hernández. aSanto Domingo :bPoetas de la Era,c2020. a208 p. :bil. ;c24 cm 4aPoesía dominicanavColecciones 4aCuentos dominicanosvColecciones 4aLiteratura dominicana vColecciones aNG, Leibi, Hernàndez, MàximaeCuidado de la Edicòn aMedina, Ludwig S.eDiagramaciòn aLamarche, Rosa EsthereImagen de portada